000
00295nam a2200121Ia 4500
008
190216s9999||||xx |||||||||||||| ||und||
100
_a
Krishna Iyer
245
0
_a
Keralathintae Sambath Vyavastha
260
_b
Kerala Bhasha Institute
_c
1975
300
_a
927p
650
_a
Economics
942
_c
BK
999
_c
9287
_d
9287